• 首页
  • 本馆介绍
  • 公告通知
  • 最新文献
  • 馆藏检索
  • 电子资源
  • 读者导购
  • 参考咨询
  • 我的图书馆
  • 登录
  • 详细信息显示
  • 放入我的书架
  • 预约/预借图书
  • 作者相关作品
  • 分类相关作品
  • 丛书相关作品
  • 出版社相关作品

书目信息

  • 表格格式
  • 工作单格式
  • 卡片格式
题名:
云南及周边地区优异农业生物种质资源
    
 
作者: 刘旭 , 王述民 , 李立会 主编
分册:  
出版信息: 北京   科学出版社  2013.03
页数: 229页
开本: 27cm
丛书名:
单 册:
中图分类: S329.274
科图分类:
主题词: 作物--种质资源--研究--云南 , 作物 , 种质资源
电子资源:
ISBN: 978-7-03-036862-1
000 01225nam0 2200289 450
001 010020002809
005 20140609155205.26
010    @a978-7-03-036862-1@b精装@dCNY168.00
100    @a20130407d2013 em y0chiy50 ea
101 0  @achi
102    @aCN@b110000
105    @aak z 000yy
106    @ar
200 1  @a云南及周边地区优异农业生物种质资源@9yun nan ji zhou bian di qu you yi nong ye sheng wu zhong zhi zi yuan@f刘旭,王述民,李立会主编
210    @a北京@c科学出版社@d2013.03
215    @a229页@c图@d27cm
330    @a本书包含前言和7章正文。前言部分阐述了本专项实施的基本情况,采集样本的田间初步鉴定和实验室深入鉴定的基本方法、主要结果等。正文分7章,分别阐述了粮食作物、经济作物、蔬菜作物、果树作物、食用菌类、药用植物和畜禽优异种质,共计316份,每份优异种质包括采集信息、基本特征特性、优异形状、利用价值,并提供了图片。
333    @a从事生物种质资源保护、研究和利用的科技工作者,大专院校师生及政府主管人员
606 0  @a作物@x种质资源@x研究@y云南
606 0  @a作物
606 0  @a种质资源
690    @aS329.274@v5
701  0 @a刘旭@9liu xu@4主编
701  0 @a王述民@9wang shu min@4主编
701  0 @a李立会@9li li hui@4主编
801  0 @aCN@b人天书店@c20130407
905    @b549934-36@dS329.274@e45@f3
    
    云南及周边地区优异农业生物种质资源/刘旭,王述民,李立会主编.-北京:科学出版社,2013.03
    229页:图;27cm
    使用对象:从事生物种质资源保护、研究和利用的科技工作者,大专院校师生及政府主管人员
    
    ISBN 978-7-03-036862-1(精装):CNY168.00
    本书包含前言和7章正文。前言部分阐述了本专项实施的基本情况,采集样本的田间初步鉴定和实验室深入鉴定的基本方法、主要结果等。正文分7章,分别阐述了粮食作物、经济作物、蔬菜作物、果树作物、食用菌类、药用植物和畜禽优异种质,共计316份,每份优异种质包括采集信息、基本特征特性、优异形状、利用价值,并提供了图片。
●
相关链接 在E读中查询图书 在五车中查询图书 在当当中查询图书 在豆瓣中查询图书


正题名:云南及周边地区优异农业生物种质资源     索取号:S329.274/45         预约/预借

序号 登录号 条形码 馆藏地/架位号 状态 备注
1 549934   205499343   第二样本阅览室/ [索取号:S329.274/45] 在馆    
2 549935   205499352   第三借阅区/ [索取号:S329.274/45] 在馆    
3 549936   205499361   密集书库-生命科学系/ [索取号:S329.274/45] 在馆    
唐山师范学院图书馆 欢迎您!
大连网信软件有限公司© 版权所有